| 000 | 00728nam a2200181Ia 4500 | ||
|---|---|---|---|
| 003 | GCL | ||
| 008 | 140319s9999 xx 000 0 ara d | ||
| 040 |
_aGCL / _cGCL |
||
| 082 | 0 | 4 |
_aق _b962.03 _bس م |
| 100 | 1 | _aالسيد رجب حراز | |
| 245 | 1 | 0 |
_aالمدخل الى تاريخ مصر الحديث : من الفتح العثمانى الى الاحتلال البريطانى 1517 - 1882 / _cالسيد رجب حراز |
| 250 | _aالاولى | ||
| 260 |
_aالقاهرة : _bدار الكتب المصرية ، _c1970 |
||
| 300 |
_a407 ص ؛ _c24سم |
||
| 650 | 0 | 4 | _aمصر - تاريخ - العصر العثمانى ( 1517-1914 م ) |
| 650 | 0 | 4 | _aمصر - تاريخ - العصر الحديث |
| 942 |
_2ddc _cBK |
||
| 999 |
_c58450 _d58450 |
||